How do w get from there to here (Record no. 34692)
[ view plain ]
| 000 -LEADER | |
|---|---|
| fixed length control field | 00476nam a22001577a 4500 |
| 005 - DATE AND TIME OF LATEST TRANSACTION | |
| control field | 20231103181524.0 |
| 008 - FIXED-LENGTH DATA ELEMENTS--GENERAL INFORMATION | |
| fixed length control field | 231103b |||||||| |||| 00| 0 eng d |
| 082 ## - DEWEY DECIMAL CLASSIFICATION NUMBER | |
| Classification number | 658.3 |
| Item number | TAK-H |
| 100 ## - MAIN ENTRY--AUTHOR | |
| Author Name | Takeuchi,Riki |
| 245 ## - TITLE STATEMENT | |
| Title | How do w get from there to here |
| Remainder of title | Undersatnding the black box in strategic HRM research form Resource Based and social eschenge Prespective |
| 300 ## - PHYSICAL DESCRIPTION | |
| Pages | 144 |
| 500 ## - GENERAL NOTE | |
| General note | Include Index |
| 650 ## - SUBJECT ADDED ENTRY--TOPICAL TERM | |
| Subject / Department | Refrence |
| 700 ## - ADDED ENTRY--PERSONAL NAME | |
| Personal name | Riki Takeuchi |
No items available.
